| 000 | 01301cab a2200205 4500 | ||
|---|---|---|---|
| 001 | ABS67512 | ||
| 008 | 040304n2004 000 0 eng u | ||
| 035 | _a(Sirsi) u125339 | ||
| 100 | _aKlein, H. | ||
| 245 | _aReferring disputes to adjudication | ||
| 260 | _c2004 | ||
| 490 |
_aCivil Engineering Surveyor _v December/January 2004, 18-19(2) |
||
| 520 | _aReviews the adjudication process and the reasons why construction contract disputes may be referred to it. Looks at "Construction Centre Group Ltd v Highland Council" (CA127/02, X12136) where Highland Council, attempting to avoid paying the Construction Centre Group in accordance with an adjudication decision, following its failure to correctly refer a dispute that it required to be dealt with by an adjuidicator, sought to withhold monies awarded in the adjudication decision based upon statute law dating from 1592. Different parts of the dispute were heard separately, which unnecessarily delayed the process. | ||
| 590 | _aABS | ||
| 650 | _aMANAGEMENT-DISPUTE AVOIDANCE, MANAGEMENT AND RESOLUTION-DISPUTE MANAGEMENT AND RESOLUTION-ALTERNATIVE DISPUTE RESOLUTION-ADJUDICATION | ||
| 650 | _aCONSTRUCTION CENTRE GROUP LTD V HIGHLAND COUNCIL | ||
| 650 | _aCONSTRUCTION DISPUTES | ||
| 690 |
_aDispute resolution _96236 |
||
| 942 | _n0 | ||
| 999 |
_c74243 _d74243 |
||